| 000 | 00892cab a2200241 4500 | ||
|---|---|---|---|
| 001 | ABS53545 | ||
| 008 | 090401t1995 xxu||||| |||| 00| 0 eng d | ||
| 035 | _a(Sirsi) u5029 | ||
| 041 | _aeng | ||
| 100 | _aThame, D. | ||
| 245 | _aFear is the key | ||
| 260 | _c1995 | ||
| 350 | _a0 | ||
| 490 |
_aProperty Week _v52(12) 21 September 1995, 20-21(2) |
||
| 520 | _aOutlines the main tenets of the Manchester City Development Guide which insists on traditional security measures such as steel shutters being abandoned by property developers in preference to increased residential and people-centred development. Discusses the repercussions for development. | ||
| 650 | _aCITY CENTRES | ||
| 650 | _aMANCHESTER CITY DEVELOPMENT GUIDE | ||
| 650 | _aSECURITY SYSTEMS | ||
| 650 | _aURBAN REGENERATION | ||
| 690 | _aBUILT ENVIRONMENT-BUILDING STANDARDS | ||
| 942 | _n0 | ||
| 948 | _c04/03/1997 | ||
| 999 |
_c3022 _d3022 |
||